Chemical engineering : V.2 /
Đã lưu trong:
| Hovedforfatter: | |
|---|---|
| Format: | Bog |
| Sprog: | English |
| Udgivet: |
Oxford :
Butterworth Heinemann,
1998.
|
| Udgivelse: | 4th ed. |
| Fag: | |
| Tags: |
Tilføj Tag
Ingen Tags, Vær først til at tagge denne postø!
|
| Thư viện lưu trữ: | Mạng thư viện Đại học Đà Nẵng |
|---|
| LEADER | 00819cam a2200325 i 4500 | ||
|---|---|---|---|
| 001 | 000046467 | ||
| 003 | 5937 | ||
| 005 | 20030408153930.0 | ||
| 008 | 010220|1998 vm 000 eng | ||
| 020 | |a 0750629428 | ||
| 040 | |a IRC |c IRC |d IRC | ||
| 041 | 0 | |a eng | |
| 082 | 1 | 4 | |a 660 |b CO-J |
| 100 | 1 | |a Coulson, J. M. |q (John Metcalfe) | |
| 245 | 0 | 0 | |a Chemical engineering : |n V.2 / |c J. M. Coulson. |
| 250 | |a 4th ed. | ||
| 260 | |a Oxford : |b Butterworth Heinemann, |c 1998. | ||
| 300 | |a xxvi, 979p. : |b ill. | ||
| 630 | 0 | 4 | |a Chemical engineering. |
| 650 | 0 | 4 | |a Chemical engineering. |
| OWN | |a DUT | ||
| 999 | |a From the UDN01 | ||
| TYP | |a Monograph | ||
| TYP | |a Printed language | ||
| 980 | |a Mạng thư viện Đại học Đà Nẵng | ||


